[Event "Collado Villalba Grupo Gallinero op 1st"]
[Site "Collado Villalba"]
[Date "2022.08.13"]
[Round "2"]
[White "Rojas Fernandez, Antonio"]
[Black "Diaz del Prado, Carlos"]
[Result "1-0"]
[WhiteElo "1672"]
[BlackElo "1357"]
[PlyCount "41"]
[EventDate "2022.08.12"]
[EventType "swiss"]
[EventRounds "9"]
[EventCountry "ESP"]
[SourceTitle "CBM 210 Extra"]
[Source "ChessBase"]
[SourceDate "2022.11.30"]
[SourceVersion "1"]
[SourceVersionDate "2022.11.30"]
[SourceQuality "1"]

1. e4 e5 2. Nf3 Nf6 3. Nc3 Bb4 4. Nxe5 Bxc3 5. dxc3 Nxe4 6. Qe2 d6 7. Qxe4 dxe5 8. Qxe5+ Qe7 9. Bf4 Qxe5+ 10. Bxe5 Bf5 11. 0-0-0 0-0 12. Bxc7 Nc6 13. Bd3 Be6 14. Rd2 Rac8 15. Bg3 Rfd8 16. Rhd1 g6 17. Be4 f5 18. Rxd8+ Rxd8 19. Rxd8+ Nxd8 20. Bf3 b6 21. Bb8 1-0

[Event "Alcorcon Diagonal op 1st"]
[Site "Alcorcon"]
[Date "2022.01.15"]
[Round "1"]
[White "Camarero Izquierdo, Juan Carlos"]
[Black "Diaz del Prado, Carlos"]
[Result "1-0"]
[WhiteElo "1843"]
[BlackElo "1370"]
[PlyCount "64"]
[EventDate "2022.01.15"]
[EventType "swiss"]
[EventRounds "7"]
[EventCountry "ESP"]
[SourceTitle "EXT 2023"]
[Source "ChessBase"]
[SourceDate "2022.10.05"]
[SourceVersion "1"]
[SourceVersionDate "2022.10.05"]
[SourceQuality "1"]

1. d4 Nf6 2. Nc3 d5 3. Bg5 Nbd7 4. f3 c6 5. Qd3 e5 6. e4 exd4 7. Qxd4 Bc5 8. Qd2 Qb6 9. Na4 Qb4 10. Nxc5 Qxd2+ 11. Kxd2 Nxc5 12. Bxf6 gxf6 13. exd5 cxd5 14. Bb5+ Bd7 15. Re1+ Kd8 16. Bxd7 Kxd7 17. Ne2 Rae8 18. Nf4 Kc6 19. Nh5 f5 20. g3 Re6 21. Ng7 Rg6 22. Nxf5 Rf6 23. g4 Ne6 24. Re5 Ng5 25. Ke3 Re6 26. Nd4+ Kd6 27. Nxe6 Nxe6 28. Rf5 d4+ 29. Kd3 Rf8 30. Re1 b6 31. h4 f6 32. g5 fxg5 1-0

[Event "Mostoles op 9th"]
[Site "Mostoles"]
[Date "2018.07.18"]
[Round "2"]
[White "De Dompablo Fantova, Juan"]
[Black "Diaz del Prado, Carlos"]
[Result "1/2-1/2"]
[WhiteElo "1659"]
[BlackElo "1306"]
[PlyCount "51"]
[EventDate "2018.07.17"]
[EventType "swiss"]
[EventRounds "9"]
[EventCountry "ESP"]
[SourceTitle "CBM 186 Extra"]
[Source "ChessBase"]
[SourceDate "2018.08.24"]
[SourceVersion "1"]
[SourceVersionDate "2018.08.24"]
[SourceQuality "1"]

1. e4 e5 2. Nf3 Nf6 3. Nxe5 d6 4. Nf3 Nxe4 5. Nc3 Nxc3 6. dxc3 Be7 7. Bc4 0-0 8. 0-0 Nc6 9. Re1 Na5 10. Bb3 Nxb3 11. axb3 Bg4 12. h3 Bh5 13. c4 c5 14. Bf4 Bxf3 15. Qxf3 Qc7 16. Rad1 Rad8 17. Re2 Rd7 18. Rde1 Bf6 19. c3 Re7 20. Rxe7 Bxe7 21. Qd5 Rd8 22. b4 cxb4 23. cxb4 Bf6 24. b3 Bc3 25. Bd2 Bxd2 26. Qxd2 1/2-1/2